00508 2200181 4500001002100000005001500021035002000036245006300056100002200119250001700141300003000158260003900188082001100227084001700238020002200255600001000277520003900287INLIS00000000000084220250109110417 a0010-01250000151 aEnsiklopedia Percobaan Sains :bPegas /cTim Doenia Aksara0 aTim Doenia Aksara acetakan ke-1 a56 hlm :bIlus ;c21,5 cm aBekasi :bUranus Publishing,c2011 a530.03 a530.03 TIM e a978-602-863-757-2 4asains aEnsiklopedia Percobaan Sains Pegas